La protección jurídica de la palabra dada en derecho romano. Contribución al estudio de la evolución y vigencia del principio general romano pacta sunt servanda en el derecho europeo actual
Saved in:
| Hovedforfatter: | |
|---|---|
| Format: | Bog |
| Sprog: | spansk |
| Udgivet: |
Córdoba
Universidad de Córdoba
1995
|
| Fag: | |
| Tags: |
Tilføj Tag
Ingen Tags, Vær først til at tagge denne postø!
|
MARC
| LEADER | 00000nam a2200000 a 4500 | ||
|---|---|---|---|
| 001 | UCR1667 | ||
| 003 | CL-VaPUC | ||
| 008 | 971219e19950000SP |||||||||||||||||spa|d | ||
| 082 | 0 | 4 | |a 340.5401 |b ALB |2 21 |
| 100 | 0 | |a Alburquerque, Juan Miguel |e author |9 398990 | |
| 245 | 1 | 3 | |a La protección jurídica de la palabra dada en derecho romano. Contribución al estudio de la evolución y vigencia del principio general romano pacta sunt servanda en el derecho europeo actual |
| 300 | |a 252 p | ||
| 942 | |c BK | ||
| 945 | |d 19971219 00:00:00 |a aolguin | ||
| 260 | |a Córdoba |b Universidad de Córdoba |c 1995 | ||
| 650 | 0 | |a Derecho romano |9 255930 | |
| 650 | 7 | |a PACTUM |2 CL-VaPUC |9 398991 | |
| 650 | 0 | |a Obligaciones |9 255578 | |
| 650 | 7 | |a DOCE TABLAS |2 CL-VaPUC |9 398992 | |
| 650 | 7 | |a FUENTES |2 CL-VaPUC |9 255666 | |
| 650 | 0 | |a Paz |9 259242 | |
| 650 | 0 | |a Acuerdo de paz |9 398993 | |
| 650 | 7 | |a PACTOS |2 CL-VaPUC |9 398994 | |
| 583 | |a last modification |c 19971219 00:00:00 |k Rodrigo Vera | ||
| 999 | |c 265034 |d 265032 | ||
| 952 | |0 0 |1 0 |4 0 |6 340_540100000000000_ALB_1995 |7 0 |8 DER_ROM |9 295812 |a BIBDER |b BIBDER |d 2019-11-20 |i 1918737 |l 1 |o 340.5401 ALB 1995 |p 1918737 |r 2023-01-25 |s 2020-03-16 |w 2019-11-20 |x Ubicación 4to piso |y BK |z Este recurso debe solicitarse con anticipación |k DER | ||